| 000 | 00824nam a2200265Ia 4500 | ||
|---|---|---|---|
| 003 | OSt | ||
| 005 | 20260331150635.0 | ||
| 008 | 210210b1967 xxu||||| |||| 00| 0 eng d | ||
| 040 | _cAL | ||
| 041 | _aHindi | ||
| 082 | _aH891.9 UPAS | ||
| 100 |
_aUPADHYAY (Devraj). _dउपाध्याय (देवराज) _9259857 |
||
| 245 |
_aSahityik shodh ke siddhant aur samasyayen. _bसाहित्यिक शोध के सिद्धांत और समास्यायें |
||
| 260 |
_aAgra _bSarasvati Pustak Sadan _c1967 |
||
| 300 | _a110 | ||
| 650 |
_asiddhant _9259858 |
||
| 650 |
_ashodh _9259859 |
||
| 650 |
_asamasyayen. _9259860 |
||
| 650 |
_aSaityik _9259861 |
||
| 650 |
_ake _9259862 |
||
| 650 |
_aaur _9259863 |
||
| 690 |
_aHindi Criticism _9259864 |
||
| 906 | _a029392 | ||
| 942 |
_2ddc _cBK |
||
| 999 |
_c80613 _d80613 |
||